000
00299nam a22001337a 4500
008
180922b xxu||||| |||| 00| 0 eng d
020
_a
9780321303370
041
_a
eng
080
_a
004
100
_a
28
101
_a
SHKI
245
_a
The Non-Designer's Web Book
_c
Williams, R
942
_2
udc
_c
BK
999
_c
48264
_d
48264